| 000 | 01522cam a22003615a 4500 | ||
|---|---|---|---|
| 001 | 14849907 | ||
| 005 | 20170509150000.0 | ||
| 008 | 070514s2008 enk frb 001 0 eng d | ||
| 010 | _a 2007020110 | ||
| 015 |
_aGBA709839 _2bnb |
||
| 016 | 7 |
_a013660653 _2Uk |
|
| 020 | _a9780415773010 (pbk.) | ||
| 020 | _a0415773016 (pbk.) | ||
| 035 | _a(OCoLC)ocm82671751 | ||
| 040 |
_aDLC _beng _cDLC _dUKM _dBAKER _dBTCTA _dBWKUK _dBWK _dYDXCP _dNLGGC _dKAAUA _dDLC |
||
| 082 | 0 | 4 |
_a363.325 _bHAR _222 |
| 100 | 1 | _aHarmon, Christopher C. | |
| 245 | 1 | 0 |
_aTerrorism today / _cChristopher C. Harmon. |
| 250 | _a2nd ed. | ||
| 260 |
_aLondon ; _aNew York : _bRoutledge, _c2008. |
||
| 300 |
_axi, 231 p. ; _c26 cm. |
||
| 490 | 0 | _aPolitical violence | |
| 500 | _a"Simultaneously published in the USA and Canada by Routledge"--T.p. verso. | ||
| 500 | _a"First edition published in 2000 by Frank Cass Publishers, London" -- T.p. verso. | ||
| 504 | _aIncludes bibliographical references (p. 208-217) and index. | ||
| 505 | 0 | _aIntroduction to the second edition -- Politics and policies -- Strategies of terrorist groups -- Operations : funding terror -- Technologies and tactics -- Counterterrorism -- How terror groups end -- Glossary of terrorist groups -- Select bibliography. | |
| 650 | 7 |
_aTerrorism. _2BUEsh |
|
| 650 | 7 |
_aTerrorism _xPrevention. _2BUEsh _915784 |
|
| 651 | _2BUEsh | ||
| 653 |
_bLLAAWW _bBUSBOL _cMay2017 |
||
| 856 | 4 | 1 |
_3Table of contents only _uhttp://www.loc.gov/catdir/toc/ecip0718/2007020110.html |
| 942 | _2ddc | ||
| 999 |
_c24816 _d24788 |
||